000 00519nam a2200145 4500
999 _c11014
_d11014
008 181004b ||||| |||| 00| 0 eng d
022 _a2094-8042
082 _aDPer 370.105 M72 Jan-Dec 2011 v59-60
100 _931959
_aRegiz- Viloria, Ma. Christina
245 _aBuilding a parent - teacher relationship/
_cMa. Christina Regiz-Viloria.
260 _aPhilippines:
_bIn the Grade School, Inc.,
_cc2011.
300 _av60 n7, pages 278,280;
_c27cm.
650 0 _931960
_aParent-teacher relationship.
942 _2ddc
_cPER